| 000 | 00514nam a2200169Ia 4500 | ||
|---|---|---|---|
| 999 |
_c34014 _d34014 |
||
| 003 | OSt | ||
| 005 | 20200827123224.0 | ||
| 008 | 190216s9999||||xx |||||||||||||| ||und|| | ||
| 020 | _a9789812542854 | ||
| 040 | _coclc | ||
| 082 |
_a543.0858 _bRAM/M |
||
| 100 |
_aRaman, K V _94247 |
||
| 245 | 0 |
_aMolecular Spectroscopy / _cK V Raman ; R Gopalan ; P S Raghavan |
|
| 260 |
_bThomson Press India Ltd, _aSingapore: _c2004. |
||
| 300 | _a500p | ||
| 942 |
_cBK _2ddc _h543.0858 _iRAM/M _k543.0858 _mRAM/M |
||